Music Quiz

Random Music or Rock Quiz

Album Covers II Quiz Stats

 Plays Quiz Updated Dec 29, 2016

Support Sporcle.
Go Orange.
Score 0/20 Timer 08:00
20 Plays Today
Album % Correct
Thriller
85.4%
Back in Black
80.2%
Dookie
71.3%
Sgt. Pepper's Lonely Hearts Club Band
61.4%
Appetite for Destruction
56.1%
Rumours
55.5%
Jagged Little Pill
52%
Pet Sounds
47.9%
Wish You Were Here
43%
Enema of the State
41%
Album % Correct
Straight Outta Compton
41%
Odelay
38.9%
Purple Rain
38.3%
Rage Against The Machine
30.6%
Breakfast in America
27.5%
Monster
26.5%
Synchronicity
26.3%
White Blood Cells
22.1%
Queen II
21.5%
Strange Days
14.6%

From the Vault

QUIZ Countries

by NO_r_WAY

Geography 2.5m
We'd love to live in a nation ruled by trivia.
Remove Ads.
Support Sporcle.
Get the best of Sporcle when you Go Orange. This ad-free experience offers more features, more stats, and more fun while also helping to support Sporcle. Thank you for becoming a member.

Show Comments

Extras

Top Quizzes Today


Score Distribution

Your Account Isn't Verified!

In order to create a playlist on Sporcle, you need to verify the email address you used during registration. Go to your Sporcle Settings to finish the process.

Report this User

Report this user for behavior that violates our Community Guidelines.

Details: